| 000 -LEADER |
| fixed length control field |
01071cam a2200241 i 4500 |
| 003 - CONTROL NUMBER IDENTIFIER |
| control field |
OSt |
| 005 - DATE AND TIME OF LATEST TRANSACTION |
| control field |
20200313050440.0 |
| 008 - FIXED-LENGTH DATA ELEMENTS--GENERAL INFORMATION |
| fixed length control field |
170927s2018 ii ab b 001 0 eng d |
| 020 ## - INTERNATIONAL STANDARD BOOK NUMBER |
| International Standard Book Number |
9789387587304 |
| Qualifying information |
(hardback) |
| 040 ## - CATALOGING SOURCE |
| Original cataloging agency |
DKAGE |
| Language of cataloging |
eng |
| Description conventions |
rda |
| Transcribing agency |
DKAGE |
| Modifying agency |
OCLCF |
| -- |
DLC |
| 082 04 - DEWEY DECIMAL CLASSIFICATION NUMBER |
| Classification number |
959.602 |
| Edition number |
23 |
| Item number |
SAH |
| 100 1# - MAIN ENTRY--PERSONAL NAME |
| Personal name |
Sahai, Sachchidanand, |
| Relator term |
author. |
| 245 10 - TITLE STATEMENT |
| Title |
Hindu temples lost in the forest : |
| Remainder of title |
rediscovering the world heritage site of Ishanapura-Sambor Prei Kuk / |
| Statement of responsibility, etc |
Sachchidanand Sahai. |
| 300 ## - PHYSICAL DESCRIPTION |
| Extent |
xxii, 382 pages : |
| Other physical details |
illustrations (black and white, and colour), 1 map (colour) ; |
| Dimensions |
29 cm |
| 504 ## - BIBLIOGRAPHY, ETC. NOTE |
| Bibliography, etc |
Includes bibliographical references (pages 205-229) and index. |
| 650 #0 - SUBJECT ADDED ENTRY--TOPICAL TERM |
| Topical term or geographic name as entry element |
Excavations (Archaeology) |
| Geographic subdivision |
Cambodia |
| -- |
Ishanapura (Extinct city) |
| 650 #0 - SUBJECT ADDED ENTRY--TOPICAL TERM |
| Topical term or geographic name as entry element |
Hindu temples |
| Geographic subdivision |
Cambodia |
| -- |
Kâmpóng Thun (Province) |
| 650 #0 - SUBJECT ADDED ENTRY--TOPICAL TERM |
| Topical term or geographic name as entry element |
Lost architecture |
| Geographic subdivision |
Cambodia |
| -- |
Kâmpóng Thun (Province) |
| 650 #0 - SUBJECT ADDED ENTRY--TOPICAL TERM |
| Topical term or geographic name as entry element |
World Heritage areas |
| Geographic subdivision |
Cambodia |
| -- |
Kâmpóng Thun (Province) |
| 651 #0 - SUBJECT ADDED ENTRY--GEOGRAPHIC NAME |
| Geographic name |
Ishanapura (Extinct city) |
| 651 #0 - SUBJECT ADDED ENTRY--GEOGRAPHIC NAME |
| Geographic name |
Kâmpóng Thun (Cambodia : Province) |
| General subdivision |
Antiquities. |
| 942 ## - ADDED ENTRY ELEMENTS (KOHA) |
| Source of classification or shelving scheme |
|